Handbook of engineering fundamentals
Bewaard in:
| Hoofdauteurs: | , |
|---|---|
| Formaat: | Boek |
| Taal: | Engels |
| Gepubliceerd in: |
Nueva York
John Wiley
1975
|
| Editie: | 3a. ed |
| Onderwerpen: | |
| Tags: |
Voeg label toe
Geen labels, Wees de eerste die dit record labelt!
|
MARC
| LEADER | 00000nam a2200000 a 4500 | ||
|---|---|---|---|
| 001 | UCY2181 | ||
| 003 | CL-VaPUC | ||
| 008 | 941014e19750000US |||||||||||||||||eng|d | ||
| 082 | 0 | 4 | |a 620 |b ESH |2 21 |
| 100 | 0 | |a Eshbach, Ovid Wallace |e author |9 330220 | |
| 700 | 0 | |a Souders, Mott |e author |9 330221 | |
| 245 | 1 | 0 | |a Handbook of engineering fundamentals |
| 250 | |a 3a. ed | ||
| 942 | |c BK | ||
| 945 | |d 19941014 00:00:00 |a mfernand | ||
| 260 | |a Nueva York |b John Wiley |c 1975 | ||
| 650 | 7 | |a INGENIERIA MANUALES |2 CL-VaPUC |9 330222 | |
| 583 | |a last modification |c 19941014 00:00:00 |k Rodrigo Vera | ||
| 999 | |c 230658 |d 230656 | ||